[Event "Terrassa Barad op"]
[Site "Terrassa"]
[Date "2024.04.26"]
[Round "3"]
[White "Gusi Puig, Lionel"]
[Black "Udina Sune, Arnau"]
[Result "1-0"]
[WhiteElo "1862"]
[BlackElo "1741"]
[PlyCount "110"]
[EventDate "2024.04.12"]
[EventType "swiss"]
[EventRounds "8"]
[EventCountry "ESP"]
[SourceTitle "EXT 2025"]
[Source "ChessBase"]
[SourceDate "2024.10.14"]
[SourceVersion "1"]
[SourceVersionDate "2024.10.14"]
[SourceQuality "1"]

1. e4 c6 2. d4 d5 3. Nc3 dxe4 4. Nxe4 Nd7 5. Nf3 Ngf6 6. Nxf6+ Nxf6 7. Bc4 e6 8. Bf4 Be7 9. 0-0 0-0 10. Qe2 a5 11. Rfe1 b5 12. Bd3 Bb7 13. Rad1 Bd6 14. Ne5 Qc7 15. Bg5 Bxe5 16. dxe5 Nd5 17. Bxh7+ Kxh7 18. Qh5+ Kg8 19. Re4 f6 20. Rxd5 fxg5 21. Rd6 Qe7 22. Qg6 Rad8 23. Red4 Rxd6 24. Rxd6 Re8 25. Qd3 Qf8 26. Qg6 Qf7 27. Qxg5 c5 28. Rd8 Bc6 29. Qd2 a4 30. Rxe8+ Qxe8 31. Qd6 Qd7 32. Qxd7 Bxd7 33. a3 Kf7 34. f4 Kg6 35. g4 Bc6 36. Kf2 Be4 37. c3 Kf7 38. h4 Ke7 39. Ke3 Bc2 40. Kf3 Kd7 41. h5 Kc6 42. Kg3 Kd5 43. Kh4 Kc4 44. Kg5 Kd5 45. h6 gxh6+ 46. Kxh6 Ke4 47. Kg5 Bd1 48. f5 Kxe5 49. f6 Kd6 50. Kg6 Bxg4 51. f7 Bh5+ 52. Kxh5 Ke7 53. Kg6 Kf8 54. Kf6 e5 55. Kxe5 Kxf7 1-0

[Event "Sabadell Otero Memorial"]
[Site "Sabadell"]
[Date "2023.04.14"]
[Round "1"]
[White "Castillo Escario, Yolanda"]
[Black "Udina Sune, Arnau"]
[Result "1-0"]
[WhiteElo "1998"]
[BlackElo "1475"]
[PlyCount "49"]
[EventDate "2023.04.14"]
[EventType "swiss"]
[EventRounds "8"]
[EventCountry "ESP"]
[SourceTitle "EXT 2024"]
[Source "ChessBase"]
[SourceDate "2023.10.10"]
[SourceVersion "1"]
[SourceVersionDate "2023.10.10"]
[SourceQuality "1"]

1. e4 e5 2. Nf3 d6 3. d4 Nd7 4. Bc4 c6 5. a4 Be7 6. c3 Ngf6 7. Qb3 0-0 8. Nbd2 h6 9. a5 b5 10. axb6 Nxb6 11. dxe5 Nxe4 12. Nxe4 d5 13. Bd3 dxe4 14. Bxe4 Be6 15. Qc2 Qc7 16. 0-0 Nc4 17. Re1 a5 18. b3 Nb6 19. Nd4 Bd5 20. c4 Bxe4 21. Qxe4 c5 22. Nf5 f6 23. Qg4 g5 24. Qh5 fxe5 25. Qg6+ 1-0